RETAIL MANAGEMENT (Record no. 28193)

000 -LEADER
fixed length control field 00406nam a2200181Ia 4500
003 - CONTROL NUMBER IDENTIFIER
control field OSt
005 - DATE AND TIME OF LATEST TRANSACTION
control field 20250723132738.0
008 - FIXED-LENGTH DATA ELEMENTS--GENERAL INFORMATION
fixed length control field 200615s9999||||xx |||||||||||||| ||und||
020 ## - INTERNATIONAL STANDARD BOOK NUMBER
International Standard Book Number 8185989931
040 ## - CATALOGING SOURCE
Transcribing agency MUIT
082 ## - DEWEY DECIMAL CLASSIFICATION NUMBER
Classification number 650
Item number RET-S
100 ## - MAIN ENTRY--PERSONAL NAME
Personal name SHEIKH,ARIF
245 #0 - TITLE STATEMENT
Title RETAIL MANAGEMENT
250 ## - EDITION STATEMENT
Edition statement 1ST
260 ## - PUBLICATION, DISTRIBUTION, ETC.
Place of publication, distribution, etc. NEW DELHI
Name of publisher, distributor, etc. HIMALAYA PUB HOUSE
Date of publication, distribution, etc. 2009
300 ## - PHYSICAL DESCRIPTION
Extent 682
942 ## - ADDED ENTRY ELEMENTS (KOHA)
Koha item type Book
Source of classification or shelving scheme
Holdings
Withdrawn status Lost status Damaged status Not for loan Collection code Permanent Location Current Location Shelving location Date acquired Cost, normal purchase price Total Checkouts Full call number Barcode Date last seen Price effective from Koha item type
        School of Management Maharishi School of Business & Management (Lucknow) Maharishi School of Business & Management (Lucknow) R41S1 2020-06-15 450.00   658 SOM0189 2020-06-15 2020-06-15 Book

All Rights Reserved@MUIT

Powered by Koha